000
00294nam a22001337a 4500
008
171107b xxu||||| |||| 00| 0 eng d
020
_a
9780072850536
041
_a
eng
080
_a
3300.722.6
100
_a
62
101
_a
KON
245
_a
FINANCIAL ACCOUTING
_c
LIBBY.L
942
_2
udc
_c
BK
999
_c
38023
_d
38023